MARC

LEADER 00000nam0a2200000 4500
001 51984
005 20260113142215.0
010 |a 9856516498 
035 |a (RuTPU)RU\TPU\book\54428 
090 |a 51984 
100 |a 20030521d2002 m y0rusy50 ca 
101 0 |a rus 
102 |a BY 
105 |a a j 001zy 
200 1 |a Почвоведение с основами геологии  |e учебное пособие для сельскохозяйственных вузов  |f А. И. Горбылева, Д. М. Андреева, В. Б. Воробьев, Е. И. Петровский  |g под ред. А. И. Горбылевой 
210 |a Минск  |c Новое знание  |d 2002 
215 |a 480 с.  |c ил. 
320 |a Библиогр.: с. 470-472 
606 1 |a Почвы  |x Агрохимия  |2 stltpush  |3 (RuTPU)RU\TPU\subj\51020  |9 69632 
606 |a Геология  |9 34054 
610 1 |a почвоведение 
610 1 |a эндогенные процессы 
610 1 |a экзогенные процессы 
610 1 |a Земля 
610 1 |a геологическая история 
610 1 |a почвообразование 
610 1 |a факторы 
610 1 |a учение Докучаева 
610 1 |a почвенные коллоиды 
610 1 |a органическое вещество 
610 1 |a структура 
610 1 |a свойства 
610 1 |a почвенный воздух 
610 1 |a тепловой режим 
610 1 |a окислительно-восстановительные процессы 
610 1 |a плодородие 
610 1 |a классификация 
610 1 |a почвенно-географическое районирование 
610 1 |a зоны 
610 1 |a пояса 
610 1 |a эрозия 
610 1 |a деградация 
610 1 |a охрана 
610 1 |a учебные пособия 
675 |a 631.4  |v 3 
675 |a 55  |v 3 
701 1 |a Горбылева  |b А. И.  |g Анна Ивановна 
701 1 |a Андреева  |b Д. М.  |g Дина Максимовна 
701 1 |a Воробьев  |b В. Б.  |g Вадим Борисович 
701 1 |a Петровский  |b Е. И.  |g Евгений Иванович 
702 1 |a Горбылева  |b А. И.  |g Анна Ивановна  |4 340 
801 1 |a RU  |b 63413507  |c 20030521  |g PSBO 
801 2 |a RU  |b 63413507  |c 20140522  |g PSBO 
942 |c BK